[Event "Bhopal GM Open 2019"]
[Site "Bhopal"]
[Date "2019.12.24"]
[Round "6.5"]
[White "Nigmatov, Ortik"]
[Black "Varun, Vij"]
[Result "1-0"]
[WhiteElo "2474"]
[BlackElo "1964"]
[Annotator "RC"]
[PlyCount "95"]
[EventDate "2019.12.21"]
[EventType "swiss"]
[EventCountry "IND"]
[SourceTitle "playchess.com"]
[Source "ChessBase"]
[SourceQuality "1"]
[TimeControl "5400+30"]

1. Nf3 {[%emt 0:00:00]} c5 {[%emt 0:00:23]} 2. e3 {[%emt 0:00:22]} Nf6 {[%emt 0:00:16]} 3. c4 {[%emt 0:00:41]} g6 {[%emt 0:00:08]} 4. Nc3 {[%emt 0:01:02]} Bg7 {[%emt 0:00:06]} 5. d4 {[%emt 0:00:49]} cxd4 {[%emt 0:00:54]} 6. exd4 {[%emt 0:00:06]} d5 {[%emt 0:00:04]} 7. Bg5 {[%emt 0:00:20]} O-O {[%emt 0:00:08]} 8. Bxf6 {[%emt 0:09:09]} Bxf6 {[%emt 0:00:32]} 9. Nxd5 {[%emt 0:01:24]} Bg7 {[%emt 0:00:20]} 10. Ne3 {[%emt 0:10:20]} Nc6 {[%emt 0:09:54]} 11. d5 {[%emt 0:17:24]} Qa5+ {[%emt 0:00:16]} 12. Nd2 {[%emt 0:01:40]} Bxb2 {[%emt 0:00:41]} 13. dxc6 {[%emt 0:01:31]} Rd8 {[%emt 0:03:43]} 14. Rc1 {[%emt 0:07:57]} Bxc1 {[%emt 0:02:52]} 15. Qxc1 {[%emt 0:00:26]} bxc6 {[%emt 0:00:08]} 16. Qc2 {[%emt 0:00:29]} Bf5 {[%emt 0:06:56]} 17. Nxf5 {[%emt 0:08:42]} gxf5 {[%emt 0:00:37]} 18. h4 {[%emt 0:05:49]} Rab8 {[%emt 0:15:25]} 19. Be2 {[%emt 0:00:59]} Rb7 {[%emt 0:05:22]} 20. Rh3 {[%emt 0:01:21]} Rbd7 {[%emt 0:00:21]} 21. Rg3+ {[%emt 0:04:20]} Kf8 {[%emt 0:01:27]} 22. Rd3 {[%emt 0:00:05]} Rxd3 {[%emt 0:00:56]} 23. Bxd3 {[%emt 0:00:01]} Qe5+ {[%emt 0:02:28]} 24. Be2 {[%emt 0:00:10]} Qa5 {[%emt 0:02:37]} 25. Qb2 {[%emt 0:01:29]} f6 {[%emt 0:05:38]} 26. Bf3 {[%emt 0:00:46]} Rd6 {[%emt 0:04:36]} 27. Ke2 {[%emt 0:00:51]} Kg7 {[%emt 0:00:25]} 28. g4 {[%emt 0:04:15]} fxg4 {[%emt 0:04:48]} 29. Bxg4 {[%emt 0:00:08]} c5 {[%emt 0:00:22]} 30. Qc2 {[%emt 0:01:52]} Qb4 {[%emt 0:04:37]} 31. Nf1 {[%emt 0:03:21]} Rb6 {[%emt 0:05:11]} 32. Qe4 {[%emt 0:01:13]} Qb2+ {[%emt 0:00:35]} 33. Nd2 {[%emt 0:01:31]} e5 {[%emt 0:05:44]} 34. Qg2 {[%emt 0:01:50]} Qd4 {[%emt 0:07:36]} 35. Be6+ {[%emt 0:02:47]} Kh6 {[%emt 0:00:42]} 36. Qg8 {[%emt 0:01:21]} Qd6 {[%emt 0:04:25]} 37. Bf5 {[%emt 0:01:12]} Qe7 {[%emt 0:00:14]} 38. Ne4 {[%emt 0:01:43]} Qg7 {[%emt 0:00:09]} 39. Qd8 {[%emt 0:01:01]} Qf7 {[%emt 0:01:46]} 40. Kf3 {[%emt 0:01:51]} Ra6 {[%emt 0:02:21]} 41. Ng3 {[%emt 0:01:52]} Kg7 {[%emt 0:00:38]} 42. Be4 {[%emt 0:00:26]} Ra3+ {[%emt 0:01:40]} 43. Kg2 {[%emt 0:00:12]} Rxg3+ {[%emt 0:00:15]} 44. Kxg3 {[%emt 0:00:43]} Qxc4 {[%emt 0:00:43]} 45. Qe7+ {[%emt 0:00:08]} Kg8 {[%emt 0:00:55]} 46. Qxh7+ {[%emt 0:00:27]} Kf8 {[%emt 0:00:06]} 47. Qh6+ {[%emt 0:00:32]} Kf7 {[%emt 0:00:23]} 48. Qg6+ {[%emt 0:00:05]} 1-0

[Event "Bhopal GM Open 2019"]
[Site "Bhopal"]
[Date "2019.12.24"]
[Round "6.6"]
[White "Rathneesh R"]
[Black "Tukhaev, Adam"]
[Result "0-1"]
[WhiteElo "2006"]
[BlackElo "2552"]
[Annotator "TA"]
[PlyCount "62"]
[EventDate "2019.12.21"]
[EventType "swiss"]
[EventCountry "IND"]
[SourceTitle "playchess.com"]
[Source "ChessBase"]
[SourceQuality "1"]

{[%evp 15,76,13,25,15,30,36,27,30,32,9,22,10,43,0,0,-86,-65,-325,-322,-325,-343,-270,-262,-342,-331,-340,-330,-329,-303,-308,-275,-288,-152,-261,-320,-398,-315,-463,-472,-1432,-1428,-1285,-1150,-1150,-1112,-1108,-1057,-1008,-771,-742,-770,-860,-829,-1009,-1001,-1171,-1154,-1150,-1125,-1118,-1059,-1028,-993]} 1. c4 d6 2. g3 e5 3. Nc3 Nc6 4. Bg2 g6 5. Rb1 a5 6. a3 {[%cal Ba2a3,Ba3b4,Bb4b5][%mdl 32]} Bg7 7. b4 axb4 8. axb4 f5 9. b5 {A25: English Opening vs King's Indian with ...Nc6 but without early d3} Nd4 10. e3 Ne6 11. Nge2 {White has an edge.} Nf6 12. O-O (12. d3 O-O 13. O-O h5 14. Nd5 Ng4 15. f3 Nh6 16. Bd2 Bd7 {½-½ (40) Ivanchuk,V (2684)-Alekseenko,K (2650) Konya 2019}) 12... h5 $146 ({Predecessor:} 12... O-O 13. d3 g5 14. f4 Nh5 15. Nd5 Bd7 16. Nec3 g4 17. fxe5 dxe5 {½-½ (36) Rathneesh,R (2065)-Nitin,S (2361) Ahmedabad 2019}) 13. d4 e4 14. h4 g5 15. Nd5 (15. f3 $11 {keeps the balance.}) 15... gxh4 $17 16. gxh4 $2 {[%mdl 8192]} (16. b6 $15) 16... Ng4 $19 17. f3 exf3 (17... Qxh4 18. fxg4 hxg4 19. Rxf5 $16) 18. Rxf3 Qxh4 19. Nef4 Ra2 ({Less strong is} 19... Nxf4 20. Nxf4 Rg8 21. Qe2 $17) 20. Rb2 Rxb2 21. Bxb2 {Black should prevent Nxe6.} Ng5 22. Nxc7+ Kd8 23. Ncd5 Qh2+ ({But not} 23... Nxf3+ 24. Qxf3 Re8 25. Bc3 $17) 24. Kf1 {[#]} h4 $1 {[%cal Rh4h3] Hoping for ...h3.} (24... Nxf3 25. Qxf3 Re8 26. Bc3 $17) 25. Qe1 h3 (25... Nxf3 26. Bxf3 Qxb2 27. Bxg4 $15) 26. Qa5+ (26. Rg3 {was called for.} Ke8 27. Ba3) 26... Ke8 {Black is clearly winning.} 27. Qc7 (27. Rxh3 $142 Nxh3 28. Ne2) 27... hxg2+ 28. Nxg2 Qh1+ 29. Ke2 Qxg2+ 30. Kd3 Bd7 {( -> ...Rh2)} 31. Qxd6 {[#]} Bf8 {Played: Qg2-d2} 0-1

[Event "Bhopal GM Open 2019"]
[Site "Bhopal"]
[Date "2019.12.24"]
[Round "6.7"]
[White "Trivedi Karan R"]
[Black "Taher, Yoseph Theolifus"]
[Result "0-1"]
[WhiteElo "1949"]
[BlackElo "2469"]
[Annotator "TA"]
[PlyCount "78"]
[EventDate "2019.12.21"]
[EventType "swiss"]
[EventCountry "IND"]
[SourceTitle "playchess.com"]
[Source "ChessBase"]
[SourceQuality "1"]

{[%evp 19,78,18,20,-4,-14,-12,-3,-12,0,-20,0,-22,-12,-65,-33,-41,-43,-53,0,0,22,-59,-19,-47,-4,-110,-20,-102,-98,-81,-87,-84,-85,-69,-78,-185,-163,-145,-122,-133,-119,-117,-126,-427,-410,-394,-295,-306,-273,-427,-272,-900,-887,-29989,-29990,-29990,-29991,-29991,-29992,-29992,-1575]} 1. d4 f5 2. Nf3 Nf6 3. c4 g6 4. g3 Bg7 5. Bg2 O-O 6. O-O d6 7. Nc3 Nc6 8. d5 Na5 {[%cal Bc6a5,Ba5b7,Bb7d8,Bd8f7][%mdl 32]} 9. Nd2 c5 10. Qc2 e5 11. a3 {A89: Dutch Defence: Leningrad System: 5 Nf3 0-0 6 0-0 d6 7 Nc3 Nc6} (11. dxe6 $5 Bxe6 12. b3 $11) (11. dxe6 Bxe6 12. Rd1 f4 13. Nde4 fxg3 14. hxg3 Bf5 15. Bf4 Nxe4 16. Bxe4 Bxe4 17. Nxe4 Qb6 18. Nxd6 Rad8 19. Qe4 h6 20. Qxg6 {1-0 (44) Chadaev,N (2563)-Hoang,T (2449) Mumbai 2012}) 11... b6 12. b4 Nb7 13. Nb3 {The position is equal.} Qe7 14. bxc5 bxc5 15. a4 e4 $146 ({Predecessor:} 15... Bd7 16. a5 a6 17. Na4 Bxa4 18. Rxa4 e4 {0-1 (41) Gheorghiu,F-Ghitescu,T Romania 1961}) 16. a5 (16. f3 $11) 16... Ng4 17. a6 Nd8 18. Ra3 h5 ({Black should try} 18... Rb8 $15) 19. Nb5 $11 h4 20. Bf4 (20. Bh3 $11) 20... Ne5 21. Qc1 Ndf7 22. Be3 (22. Na5 $11 {keeps the balance.}) 22... Bf6 (22... hxg3 $17 23. hxg3 Rb8) 23. Rd1 (23. gxh4 $11 Bxh4 24. Na5) 23... hxg3 24. hxg3 Ng4 25. Na5 Bxa6 ({But not} 25... Nxe3 $6 26. Nc6 $14) 26. Nc6 Qb7 27. Rxa6 (27. Ra5 $17) 27... Qxa6 28. Bf4 Nge5 29. Bxe5 Bxe5 ({Resist} 29... dxe5 30. Nc7 $11) 30. Nc7 {[#]} Qa2 $1 31. g4 $2 {[%mdl 8192]} (31. Re1 $17 {is tougher.}) 31... Qxe2 $19 32. gxf5 gxf5 {...Qg4 is the strong threat.} 33. Nxa8 Rxa8 34. Ne7+ (34. Nxe5 $142 dxe5 35. Re1) 34... Kh7 {White must now prevent ...Qg4.} 35. Nxf5 $2 (35. Re1 Qg4 36. Qd1) 35... Rg8 36. Ne3 Ng5 {Black mates.} 37. Qc2 Nh3+ {[%mdl 64] Double Attack} 38. Kh1 Nxf2+ {[%mdl 64] Double Attack} 39. Kg1 {[#]} Qxc2 {Accuracy: White = 24%, Black = 54%.} (39... Bh2+ $142 $1 {[%mdl 512]} 40. Kxh2 Qxe3 41. Kg1 Nxd1+ {[%mdl 64] Discovered Attack} 42. Kh2 Nf2 43. Bxe4+ Nxe4 44. Qg2 Rxg2+ 45. Kxg2 Qg3+ 46. Kh1 Nf2#) 0-1

[Event "Bhopal GM Open 2019"]
[Site "Bhopal"]
[Date "2019.12.24"]
[Round "6.8"]
[White "Lugovskoy, Maxim"]
[Black "Lakshmi Sandeep, Naidu V"]
[Result "1-0"]
[WhiteElo "2466"]
[BlackElo "1937"]
[Annotator "TA"]
[PlyCount "57"]
[EventDate "2019.12.21"]
[EventType "swiss"]
[EventCountry "IND"]
[SourceTitle "playchess.com"]
[Source "ChessBase"]
[SourceQuality "1"]

{[%evp 11,57,42,49,32,38,-37,-38,-20,125,121,83,68,69,68,106,71,83,63,247,247,266,260,311,318,336,340,322,323,342,333,370,342,508,456,461,458,460,449,590,584,893,895,880,881,870,870,865,863]} 1. e4 d6 2. d4 Nf6 3. Nc3 g6 4. Bg5 Bg7 5. f4 h6 6. Bh4 c5 7. dxc5 {B07: Pirc Defence: Miscellaneous Systems} (7. e5 Nh5 8. dxc5 dxe5 9. Qxd8+ Kxd8 10. O-O-O+ Bd7 11. fxe5 Bxe5 12. Nd5 g5 13. Bf2 e6 14. Nf3 Bg7 15. Nb4 {½-½ (53) Zhang,Z (2619)-Dominguez Perez,L (2732) Berlin 2015}) 7... Qa5 {[#] Threatens to win with ...Nxe4.} 8. Bb5+ (8. Qd2 $14 Qxc5 9. Nf3) 8... Bd7 $15 9. Qd3 {Black is slightly better.} Nh5 $146 (9... g5 $11 10. cxd6 gxh4) ({Predecessor:} 9... g5 10. Bf2 Bxb5 11. Qxb5+ Qxb5 12. Nxb5 Na6 13. cxd6 Nxe4 14. Nf3 exd6 {½-½ (42) Gaponenko,I (2448)-Hamdouchi,A (2308) Predeal 2006}) 10. Nge2 $16 Bxc3+ 11. Qxc3 Qxc3+ 12. Nxc3 {Black must now prevent cxd6.} dxc5 13. Bxd7+ Nxd7 14. Nd5 $36 {[%mdl 2048] And now Nc7+ would win. White is pushing.} O-O $2 ({Black should try} 14... g5 $14) 15. O-O-O $18 ({Don't take} 15. Nxe7+ $6 Kh7) 15... Ndf6 16. Nxe7+ Kg7 17. e5 Ng4 18. Nd5 g5 19. fxg5 hxg5 20. Bxg5 Kg6 21. Be7 Rfe8 (21... Nf2 {might work better.} 22. g4 Ng7 23. Nf4+ Kh7 24. Bxc5 Nxh1 25. Bxf8 (25. Rxh1 Rfc8 $16) 25... Rxf8 26. Rxh1 Re8) 22. Rhf1 {White is clearly winning.} Nxh2 23. Rh1 Ng4 24. Rh4 Nxe5 25. Rdh1 Ng3 26. Rh6+ Kf5 27. Rf6+ Kg5 28. Rf3+ $1 {[%mdl 64] [#] Discovered Attack} Rxe7 29. Rxg3+ {Accuracy: White = 65%, Black = 33%.} 1-0

[Event "Bhopal GM Open 2019"]
[Site "Bhopal"]
[Date "2019.12.24"]
[Round "6.9"]
[White "Nguyen, Van Huy"]
[Black "Nagare Akhilesh"]
[Result "1-0"]
[WhiteElo "2457"]
[BlackElo "1918"]
[Annotator "TA"]
[PlyCount "61"]
[EventDate "2019.12.21"]
[EventType "swiss"]
[EventCountry "IND"]
[SourceTitle "playchess.com"]
[Source "ChessBase"]
[SourceQuality "1"]

{[%evp 15,61,0,8,15,15,1,29,50,68,47,64,50,60,54,67,68,73,42,72,60,95,40,58,46,132,116,146,128,141,124,135,134,137,139,194,83,134,129,297,334,335,324,383,384,399,383,781,660]} 1. d4 d5 2. Nf3 Nf6 3. c4 c6 4. Qb3 dxc4 5. Qxc4 Bf5 6. g3 e6 7. Bg2 Nbd7 8. O-O Be7 9. Rd1 {D23: Queen's Gambit Accepted: 3 Nf3 Nf6 sidelines} (9. Nc3 O-O 10. Bf4 Rc8 11. a3 h6 12. Rfd1 Qb6 13. b4 Nd5 14. e4 Nxc3 15. exf5 Nxd1 16. fxe6 Nb2 17. Qb3 fxe6 18. Qxe6+ {1-0 (38) Fedoseev,V (2718)-Bu,X (2722) Hengshui 2019}) 9... O-O 10. e3 Nb6 11. Qe2 $146 {White has an edge.} ({Predecessor:} 11. Qb3 Qc7 12. Nc3 Rad8 13. Bd2 c5 14. Be1 c4 15. Qb5 a6 16. Qa5 Nfd5 17. Nxd5 Rxd5 {1-0 (35) Ramsden,J (1961)-Clayton,G (1740) ICCF email 2013}) 11... h6 12. Nc3 Nbd5 13. Ne5 Nxc3 14. bxc3 Nd7 15. e4 Bh7 $1 16. Nc4 Nb6 17. Ne3 Qc7 18. c4 (18. a4 $16) 18... c5 {...cxd4 is the strong threat.} 19. d5 $1 $36 {[%mdl 2048] White has some pressure.} e5 ({Black should play} 19... Na4 $14) 20. Rb1 Bd6 21. Rb3 Nc8 22. Bb2 Ne7 23. Bc3 Rae8 24. a4 {[%cal Ba2a4,Ba4a5][%mdl 32]} f5 {[#]} (24... Rb8 $16 {was called for.} 25. Re1 Bg6) 25. exf5 (25. Qb2 $1 $18) 25... Bxf5 ({Black should try} 25... Nxf5 26. Nxf5 Bxf5) 26. a5 Qd7 $2 {[#]} (26... Bc8 $16 27. Rdb1 g6) 27. Qb2 $1 $18 Rb8 28. Bxe5 Nc8 29. Nxf5 Rxf5 30. f4 Qa4 $2 (30... Rf8 31. Be4 Ne7) 31. Bh3 {Accuracy: White = 52%, Black = 21%.} 1-0

[Event "Bhopal GM Open 2019"]
[Site "Bhopal"]
[Date "2019.12.24"]
[Round "6.10"]
[White "Rathore, S.K."]
[Black "Sahoo, Utkal Ranjan"]
[Result "0-1"]
[WhiteElo "1939"]
[BlackElo "2329"]
[Annotator "TA"]
[PlyCount "76"]
[EventDate "2019.12.21"]
[EventType "swiss"]
[EventCountry "IND"]
[SourceTitle "playchess.com"]
[Source "ChessBase"]
[SourceQuality "1"]

{[%evp 12,100,22,13,12,0,0,-9,0,0,17,0,0,-36,-31,-22,18,0,0,0,0,0,-4,-89,-89,-89,-89,-88,-88,-88,-88,-101,-87,-84,-72,-82,-79,-109,-102,-109,-109,-117,-111,-111,-111,-124,-117,-118,-113,-117,-117,-137,-117,-117,-110,-110,-92,-92,0,-110,-110,-124,-124,-149,-143,-138,-131,-280,-279,-297,-279,-404,-387,-393,-389,-421,-400,-437,-421,-512,-535,-557,-543,-564,-548,-612,-605,-977,-955,-1368,-1317]} 1. c4 c5 2. Nc3 Nc6 3. Nf3 e5 4. e3 Nf6 5. d4 cxd4 6. exd4 e4 7. Ne5 Bb4 {A34: Symmetrical English: 2 Nc3, lines with ...d5} 8. a3 (8. Be2 Qa5 9. Nxc6 dxc6 10. Bd2 O-O 11. O-O Rd8 12. a3 Bxc3 13. bxc3 c5 14. a4 cxd4 15. cxd4 Qf5 16. d5 Qg6 17. Kh1 Bg4 {0-1 (44) Sethuraman,S (2624)-Nabaty,T (2658) Khanty-Mansiysk 2019}) 8... Bxc3+ 9. bxc3 Qa5 {The position is equal.} 10. Nxc6 $1 dxc6 (10... bxc6 {is more complex.} 11. Qc2 Ba6 12. Rb1 O-O 13. Rb4 Rfb8) 11. Bd2 Qf5 $146 ({Predecessor:} 11... Bg4 12. Qb3 b6 13. Qb4 Qh5 14. Qd6 Bd7 15. Be2 {½-½ (59) Siebrecht,S (2458)-Wiley,T (2287) Arinsal 2009}) 12. Qe2 O-O 13. Qe3 Ng4 14. Qf4 e3 $36 {[%mdl 2048] Black fights for an advantage.} 15. fxe3 Re8 {[#] White must now prevent ...Qxf4.} 16. Qxf5 Bxf5 17. h3 (17. c5 $11 {remains equal.}) 17... Nxe3 $17 18. Kf2 Nxf1 19. Rhxf1 Bd3 {And now ...Re2+ would win.} 20. Rfe1 Bxc4 21. Rxe8+ Rxe8 {[%mdl 4096] Endgame KRB-KRB} 22. Re1 {[%cal Re1e8]} Be6 23. Bf4 b5 24. Bd6 a5 {[%cal Ba7a5,Ba5a4][%mdl 32]} 25. Bc7 a4 26. Bd6 f6 27. Bc5 Kf7 28. Re3 Rd8 29. Bb6 Rd7 30. Bc5 Rd5 31. Rg3 Rh5 32. Re3 Rg5 33. Rg3 Rf5+ 34. Rf3 Rd5 ({Better is} 34... Rxf3+ $17 35. Kxf3 g5) 35. Re3 (35. Rg3 $1 $11 {was the only way to keep the balance.}) 35... Rh5 36. Rg3 Bd5 37. Re3 Rf5+ 38. Kg1 h5 {Played: Rf5-g5} 0-1

[Event "Bhopal GM Open 2019"]
[Site "Bhopal"]
[Date "2019.12.24"]
[Round "6.11"]
[White "Pranav Vijay"]
[Black "Medhansh Saxena"]
[Result "1-0"]
[WhiteElo "2265"]
[BlackElo "1628"]
[Annotator "TA"]
[PlyCount "81"]
[EventDate "2019.12.21"]
[EventType "swiss"]
[EventCountry "IND"]
[SourceTitle "playchess.com"]
[Source "ChessBase"]
[SourceQuality "1"]

{[%evp 22,81,15,9,23,14,38,27,78,73,74,77,200,191,236,162,159,162,313,216,189,192,371,282,341,285,273,260,402,388,360,303,289,314,516,522,968,958,897,895,805,1002,951,932,895,749,738,745,717,705,992,966,2919,1271,1250,1204,29981,29982,29986,2065,2069,2066]} 1. e4 e5 2. Nf3 Nc6 3. Bb5 a6 4. Ba4 Nf6 5. O-O b5 6. Bb3 Be7 7. d3 d6 8. c3 O-O 9. Re1 Na5 10. Bc2 c5 11. Nbd2 {[%cal Bb1d2,Bd2f1,Bf1e3][%mdl 32]} Nc6 12. Nf1 Ne8 {C90: Closed Ruy Lopez with 7...d6: Early deviations} (12... Re8 13. h3 h6 14. Ng3 Be6 15. d4 exd4 16. cxd4 cxd4 17. Nxd4 Nxd4 18. Qxd4 Rc8 19. Bb3 d5 20. exd5 Nxd5 21. Ne4 Qd7 22. Bd2 Qb7 {0-1 (67) Predke,A (2622)-Matlakov,M (2700) St Petersburg 2018}) 13. a4 Be6 14. h3 g6 $146 (14... Nc7 $11) ({Predecessor:} 14... b4 15. Ne3 Rb8 16. Nd2 Bg5 17. Nd5 Bxd5 18. exd5 Ne7 19. Bb3 Nc7 {1-0 (36) Jeran,B (2229)-Spalir,J (2063) Konjice 2009}) 15. Bh6 $16 Ng7 16. Ne3 f5 (16... Re8 $16) 17. Bb3 {Bxe6+ is the strong threat.} c4 18. dxc4 Na5 19. axb5 {And now Rxa5 would win.} axb5 $2 (19... Nxb3 {is a better defense.} 20. Qxb3 fxe4) 20. Rxa5 Rxa5 21. cxb5 {Hoping for Bxe6+.} Qc8 $2 (21... Bf7) 22. Nd5 Bxd5 23. Bxd5+ Kh8 24. c4 f4 (24... fxe4 $142 25. Nd2 (25. Bxe4 Qxc4 26. Bd3 Qe6 $14) (25. Rxe4 Qc7 $18) 25... e3 26. Rxe3 (26. Bxe3 Qd8 $18) 26... Qc7) 25. Qd2 $18 Qc7 26. Qb4 {aiming for b6.} Rb8 27. g3 Ra2 $2 (27... fxg3 28. fxg3 Nh5) 28. gxf4 exf4 {[#]} 29. Qc3 $1 {[%csl Gc3][%cal Rh6g7]} Bf8 30. Ng5 Ra7 31. Qf6 Qe7 32. Nf7+ Kg8 33. Ne5+ Kh8 34. Qxe7 Rxe7 35. Nc6 {[%mdl 64] Double Attack} Rbe8 36. Nxe7 Rxe7 37. b6 (37. Ra1 $142 Re8 38. b6) 37... Ne6 38. b7 Re8 39. Bxe6 Bxh6 40. Bc8 (40. Ra1 $142 Kg7 41. Ra8 Rxa8 42. bxa8=Q Kf6 43. Bg8 f3 44. Qe8 Kg5 {[#]} 45. Qf7 $1 {[%mdl 512]}) 40... Bg7 41. b8=Q {Accuracy: White = 66%, Black = 21%.} 1-0

[Event "Bhopal GM Open 2019"]
[Site "Bhopal"]
[Date "2019.12.24"]
[Round "6.12"]
[White "Ziatdinov, Raset"]
[Black "Jani Kushal R"]
[Result "1-0"]
[WhiteElo "2204"]
[BlackElo "1611"]
[Annotator "TA"]
[PlyCount "99"]
[EventDate "2019.12.21"]
[EventType "swiss"]
[EventCountry "IND"]
[SourceTitle "playchess.com"]
[Source "ChessBase"]
[SourceQuality "1"]

{[%evp 9,98,0,39,47,91,31,45,51,41,10,63,8,51,57,44,25,31,-15,-18,-18,12,10,17,24,26,21,37,36,22,10,81,76,145,144,150,147,140,99,100,101,115,94,143,135,162,162,170,173,193,204,333,272,653,668,668,660,704,692,698,694,670,591,897,889,865,864,877,854,825,773,1264,1256,29984,29953,5455,5422,29988,29989,29983,1311,29990,29991,29993,29994,29994,29995,29995,29996,29996,29996,29999]} 1. e4 b6 2. d4 Bb7 3. Nc3 e6 4. Nf3 Nf6 5. Bd3 d6 (5... Bb4 6. Qe2 d5 7. exd5 Nxd5 8. Bd2 Nd7 9. Nxd5 Bxd2+ 10. Nxd2 Bxd5 11. O-O O-O 12. Rad1 Nf6 13. Rfe1 Qd6 14. c3 Rfd8 15. a3 c5 {½-½ (34) Saglione,E (2525)-Magallanes,F (2510) ICCF email 2010}) 6. O-O {B00: Queen's Fianchetto Defence, Nimzowitsch Defence} g6 7. Bg5 $146 (7. e5 $16 dxe5 8. dxe5 (8. Nxe5 Bg7 $16)) ({Predecessor:} 7. Re1 Bg7 8. Bg5 Qc8 9. Qd2 O-O 10. Bh6 {1-0 (28) Rauer,W (1604)-Braun,G (1662) Freudenstadt 2014}) 7... h6 $14 8. Bf4 {White is slightly better.} Bg7 9. Qd2 Nbd7 (9... g5 $11) 10. a4 ({White should play} 10. h3 $14) 10... a6 (10... g5 $5 {[%cal Rg5f4]} 11. Be3 c5 $11) 11. h3 $1 Qe7 12. Be3 c5 13. b3 cxd4 14. Nxd4 Nc5 {[%cal Rb7e4]} (14... Rc8 {keeps more tension.} 15. Rad1 O-O 16. f3 Rc7 17. a5 b5) 15. f3 Nxd3 16. cxd3 Nd7 17. Nde2 h5 18. d4 O-O 19. Rac1 e5 (19... Rfc8 $11 {remains equal.}) 20. Rfd1 exd4 ({Black should try} 20... Rfd8) 21. Bxd4 $16 Nc5 22. Bxg7 Kxg7 23. Qxd6 Qxd6 24. Rxd6 {Black must now prevent b4.} Nxb3 25. Rb1 Nc5 26. Rdxb6 Bc8 27. a5 Be6 28. Nf4 $36 {[%mdl 2048] Keeping Black busy.} Bc4 29. R1b4 Bb3 (29... Bd3 $142 30. Rd4 Rfd8 31. Nxd3 Nxd3 32. Rxd8 Rxd8 33. Rxa6 Rc8) 30. Kf2 f6 $2 (30... Be6 31. Na4 Nxa4) 31. Rxb3 $18 {[%mdl 64] [#] Overworked Piece} Nxb3 32. Ne6+ {[%mdl 64] Double Attack} Kf7 33. Nxf8 Nxa5 34. Nd7 Nc4 35. Rc6 Na5 36. Rc7 Ke6 37. Nd5 f5 38. Ke3 fxe4 39. fxe4 Nb3 40. N7b6 Rb8 41. Nc8 Rxc8 42. Rxc8 Kd7 43. Rc3 Na5 44. Kd4 (44. e5 $142 Nb7 45. Rc7+ {[%mdl 64] Double Attack} Ke6 46. Ke4 Nd6+ 47. exd6 Kxd6 48. Ra7 g5 49. Rxa6+ Kc5 50. Ra5+ Kd6 51. Ne3) 44... Kd6 45. e5+ {White mates.} Kd7 46. Rc7+ Kd8 47. e6 Nc6+ 48. Rxc6 a5 49. Ra6 {[%cal Ra6a8]} h4 50. Ra8# {Accuracy: White = 61%, Black = 30%.} 1-0

[Event "Bhopal GM Open 2019"]
[Site "Bhopal"]
[Date "2019.12.24"]
[Round "6.13"]
[White "Phatak Aanjaneya"]
[Black "Czebe, Attila"]
[Result "0-1"]
[WhiteElo "1776"]
[BlackElo "2374"]
[Annotator "TA"]
[PlyCount "66"]
[EventDate "2019.12.21"]
[EventType "swiss"]
[EventCountry "IND"]
[SourceTitle "playchess.com"]
[Source "ChessBase"]
[SourceQuality "1"]

{[%evp 9,92,21,29,15,20,-15,-10,-33,-34,-45,-35,-154,-158,-196,-195,-179,-179,-208,-208,-221,-211,-239,-239,-235,-232,-227,-220,-325,-307,-329,-320,-320,-318,-309,-287,-353,-372,-383,-377,-382,-382,-365,-372,-378,-371,-390,-386,-407,-403,-397,-383,-460,-483,-489,-486,-484,-471,-479,-476,-492,-493,-509,-477,-617,-600,-783,-780,-727,-658,-1271,-1232,-920,-993,-1432,-1012,-29973,-29973,-29980,-29970,-29986,-29987,-29986,-29987,-29987,-29985]} 1. e4 d6 2. d4 g6 3. Nc3 a6 4. f4 b5 5. a3 (5. Nf3 Bb7 6. Bd3 Nd7 7. e5 Bg7 8. O-O Nh6 9. Ne4 O-O 10. c3 c5 11. dxc5 Nxc5 12. Nxc5 dxc5 13. Qe2 Qb6 14. Kh1 Nf5 15. a4 c4 16. Bxf5 gxf5 {½-½ (46) Kollars,D (2562)-Bacrot,E (2684) chess.com INT 2019}) 5... Bb7 6. Be3 {B06: Modern Defence} Nd7 7. Nf3 Bg7 8. Bd3 {The position is equal.} c5 9. e5 Nh6 $1 10. O-O ({White should try} 10. Qe2 $15) 10... Ng4 $17 11. Qe2 Nxe3 ({And not} 11... dxe5 12. dxe5 O-O 13. Be4 $14) 12. Qxe3 cxd4 13. Qxd4 $146 ({Predecessor:} 13. Nxd4 dxe5 14. fxe5 Nxe5 15. Qf4 O-O 16. Rad1 Nxd3 17. Rxd3 e5 {0-1 (17) Zhu,L (1989)-Reilly,T (2203) Auckland 2016}) 13... dxe5 14. Qb4 exf4 15. a4 O-O 16. axb5 Qb6+ 17. Kh1 Nc5 18. Qa5 (18. Be2 {is a better defense.}) 18... Qxa5 $19 19. Rxa5 Nxd3 20. cxd3 axb5 21. Rxb5 Ba6 22. Rd5 e6 23. Rd6 Rfd8 24. Rxd8+ Rxd8 25. Ne4 Bxd3 ({Don't play} 25... Bxb2 26. Nc5 $19) 26. Rd1 Rd5 27. Nf2 {[#]} Be4 $1 {[%mdl 512]} 28. Rxd5 (28. Nxe4 Rxd1+) 28... Bxd5 {[%mdl 4096] Endgame KBB-KNN} 29. Nd3 Bc4 30. Nxf4 Bxb2 31. Nh3 f6 32. Nf2 Ba3 33. Nd2 Be2 {Played: Bc4-d5} 0-1